| 000 | 01257nam a22002177a 4500 | ||
|---|---|---|---|
| 999 |
_c62786 _d62786 |
||
| 003 | Ge_BSU | ||
| 005 | 20250213114634.0 | ||
| 008 | 250213s2000 ge ||||| |||| 00| 0 geo d | ||
| 020 | _a9992877650 | ||
| 041 | _ageo | ||
| 080 | _a327(09) მ-55 | ||
| 100 |
_aმენთეშაშვილი, ალბერტ _924353 |
||
| 245 |
_aსაერთაშორისო ურთიერთობების და დიპლომატიის ისტორია : _b[2 წიგნად]. წ. 1, უძველესი დროიდან - 1799 წლამდე / _cმენთეშაშვილი, ალბერტ ; [რედ.: გივი ჟორდანია] |
||
| 264 |
_aთბილისი : _bთბილ. უნ-ტის გამ-ბა, _c2000. |
||
| 300 |
_a590 გვ.; _b20 სმ. |
||
| 504 | _aბიბლიოგრაფია ტექსტის შენიშვნებში | ||
| 653 | _aსაერთაშორისო ურთიერთობების ისტორია | ||
| 653 | _aდიპლომატიის ისტორია | ||
| 700 |
_aჟორდანია, გივი _eრედაქტორი. _92864 |
||
| 942 |
_2udc _cᲬᲘᲒᲜᲘ |
||